000 00363pab a2200157 454500
008 180718b1995 xxu||||| |||| 00| 0 eng d
100 _aSharma, Kalpana
245 _aPopulation and politicians
260 _c1995
300 _ap.8
362 _a17 Jan
650 _aBirth control - India
650 _aPopulation - India
773 _aHindu
909 _a28238
999 _c28238
_d28238